000 00379nam a2200157Ia 4500
005 20241112000035.0
008 240331s9999 xx 000 0 und d
020 _a9780670085767
082 _bGOK
_a823
100 _aGokhale,N
245 0 _aPRIYA :
_bIn Incredible Indyaa
260 _aNew York
_bPenguin Books India
_c2011
300 _a195 p .,
650 _aNovel
942 _cL
999 _c5693
_d5693